Sports Quiz

Random Sports or NBA Quiz

NBA All-Star Appearances Quiz Stats

 Plays Quiz Updated Mar 8, 2021

Support Sporcle.
Go Orange.
Score 0/36 Timer 07:00
4 Plays Today
Appearances (Selections) Player % Correct
17 (17)LeBron James
96.3%
13 (14)Michael Jordan
95.7%
15 (18)Kobe Bryant
95%
12 (15)Shaquille O'Neal
88.2%
11 (12)Magic Johnson
86.4%
10 (11)Larry Bird
84.1%
18 (19)Kareem Abdul-Jabbar
84%
11 (11)Kevin Durant
81.3%
12 (13)Dwyane Wade
81%
15 (15)Tim Duncan
80.5%
13 (13)Wilt Chamberlain
77.3%
12 (12)Karl Malone
74.5%
11 (11)Moses Malone
73.6%
14 (15)Kevin Garnett
72.7%
12 (12)Bill Russell
70.7%
12 (14)Jerry West
66.5%
10 (10)John Stockton
64.8%
10 (10)Paul Pierce
63.4%
Appearances (Selections) Player % Correct
10 (10)David Robinson
60.3%
10 (10)Carmelo Anthony
59.4%
12 (12)Hakeem Olajuwon
58.4%
11 (12)Julius Erving
52.5%
11 (12)Isiah Thomas
50.9%
13 (13)Bob Cousy
49%
12 (12)Oscar Robertson
48.9%
14 (14)Dirk Nowitzki
47.8%
11 (11)Chris Paul
47.4%
10 (11)Chris Bosh
46.4%
10 (10)Jason Kidd
39.7%
13 (13)John Havlicek
39.6%
11 (11)Elgin Baylor
39.3%
10 (10)Ray Allen
38%
11 (11)Bob Pettit
31.9%
12 (12)Elvin Hayes
23.8%
11 (12)Dolph Schayes
13.1%
10 (10)Hal Greer
9.1%

From the Vault

Triangle Logos

by t_rev19

Just remember that triangles are the most stable shape, or whatever they said in geometry class.
Remove Ads.
Support Sporcle.
Get the best of Sporcle when you Go Orange. This ad-free experience offers more features, more stats, and more fun while also helping to support Sporcle. Thank you for becoming a member.

Show Comments

Extras

Top Quizzes Today


Score Distribution

Your Account Isn't Verified!

In order to create a playlist on Sporcle, you need to verify the email address you used during registration. Go to your Sporcle Settings to finish the process.

Report this User

Report this user for behavior that violates our Community Guidelines.

Details: